| 000 | 00522nam a22001457a 4500 | ||
|---|---|---|---|
| 003 | MACL | ||
| 005 | 20200716124826.0 | ||
| 008 | 200716b xxu||||| |||| 00| 0 eng d | ||
| 040 | _cMACL | ||
| 100 |
_aनवल,सुरेश _978977 |
||
| 245 | _aडॉ. सर्वपल्ली राधाकृष्णन शिक्षाशास्त्रीय रचनाएं | ||
| 260 |
_aदिल्ली _bरॉयल बुक्स _c2019 |
||
| 650 |
_aजीवनी _97943 |
||
| 942 |
_2ddc _cHIN |
||
| 999 |
_c62645 _d62645 |
||